000 02003cam a22003854a 4500
001 15207013
003 ARRUPE
005 20140924131543.0
008 080305r20081996enk b 000 0 eng c
010 _a 2008297413
020 _a9781844672035
020 _a1844672034
035 _a(OCoLC)ocn154707551
040 _aBTCTA
_cBTCTA
_dBAKER
_dYDXCP
_dZQP
_dDLC
041 1 _aeng
_hfre
042 _apcc
050 0 0 _aB2430.B33973
_bC7315 2008
082 0 0 _a110
_222
100 1 _aBaudrillard, Jean,
_d1929-2007.
_97655
240 1 0 _aCrime parfait.
_lEnglish
245 1 4 _aThe perfect crime /
_cJean Baudrillard ; translated by Chris Turner.
260 _aLondon ;
_aNew York :
_bVerso Books
_c2008.
300 _axii, 156 p. ;
_c20 cm.
440 0 _aRadical thinkers ;
_v28
_911528
500 _aOriginally published: London : Verso, c1996.
504 _aIncludes bibliographical references (p. 153-156).
505 0 _aThe perfect crime -- The spectre of the will -- The radical illusion -- Trompe-l'œl genesis -- The automatic writing of the world -- The horizon of disappearance -- The countdown -- The material illusion -- The secret vestiges of perfection -- The height of reality -- The irony of technology -- Machinic snobbery -- Objects in this mirror -- The Babel syndrome -- Radical thought -- The other side of the crime -- The world without women -- The surgical removal of otherness -- The "laying-off" of desire -- The new victim order -- Indifference and hatred -- The revenge of the mirror people.
650 0 _aReality.
_911529
700 1 _aTurner, Chris,
_d1953-
_911441
856 4 2 _3Contributor biographical information
_uhttp://www.loc.gov/catdir/enhancements/fy1312/2008297413-b.html
856 4 2 _3Publisher description
_uhttp://www.loc.gov/catdir/enhancements/fy1312/2008297413-d.html
906 _a7
_bcbc
_cpccadap
_d2
_encip
_f20
_gy-gencatlg
942 _2lcc
_cMONOGRAPH
999 _c120919
_d120919